| 000 | 00834nam a2200193Ii 4500 | ||
|---|---|---|---|
| 003 | JO-AjNU | ||
| 008 | 230605s9999||||xx |||||||||||||| ||und|| | ||
| 040 |
_aJO-AjNU _bara _erda _cJO-AjNU |
||
| 041 | _aara | ||
| 050 | 1 | 4 | _aHG1616.C87.S27 2007 |
| 100 | 3 |
_aتاليف: الصرن، رعد حسن, _eauthor _927963 |
|
| 245 | 0 | 0 | _aعولمة جودة الخدمة المصرفية = Globalizing Bank Service Qualitg |
| 264 | 3 | 1 | _aدمشق، عمان: دار التواصل العربي للنشر والتوزيع، مؤسسة الوراق للنشر والتوزيع،2007 |
| 300 |
_a357ص _bيحتوي على ملاحق و ببلوغرافية من ص 317- 357ص |
||
| 336 |
_atext _btxt _2rdacontent |
||
| 337 |
_aunmediated _bn _2rdamedia |
||
| 338 |
_avolume _bnc _2rdacarrier |
||
| 650 | 4 |
_aالخدمات المصرفية _927964 |
|
| 999 |
_aA10788 _c14356 _d14356 |
||